01018nam a2200193Ia 4500001001100000003001000011008004100021040002500062041001300087100002200100245002200122250001100144260009200155300002700247500020100274501011400475520020100589650003400790L235-10879IT-CnALBA170116s9999||||xx |||||||||||||| ||und|| aIT-CnALBAcIT-CnALBA aITALIANO aNAIDENOFF GEORGES 0aPAULINE JARICOT.  a1a ed. aCINISELLO BALSAMO (MI)bEDIZIONI PAOLINEc1986 [1° Ed.:1986 - Ed.Ling.Originale: 1986] a108 p. (prefazione: 7) aPREFAZIONE DEL CARDINALE DECOURTRAY, ARCIVESCOVO DI LIONE. INFANZIA. PROPAGAZIONE DELLA FEDE. MISTICA. ROSARIO VIVENTE. MONDO RURALE. SMARRIMENTO. DOCUMENTAZIONE FOTOGRAFICA A COLORI FUORI TESTO.  aSocietà San Paolo EM - Piazza San Paolo, 14 - 12051 ALBA (CN) (non commercial uses only) ® Copyright 2017 aPREFAZIONE DEL CARDINALE DECOURTRAY, ARCIVESCOVO DI LIONE. INFANZIA. PROPAGAZIONE DELLA FEDE. MISTICA. ROSARIO VIVENTE. MONDO RURALE. SMARRIMENTO. DOCUMENTAZIONE FOTOGRAFICA A COLORI FUORI TESTO.  aMARIA SS. ANGELI SANTI DEMONI